| 000 | 00435nam a22001697a 4500 | ||
|---|---|---|---|
| 003 | CEME | ||
| 005 | 20210628203648.0 | ||
| 008 | 210318b xxu||||| |||| 00| 0 eng d | ||
| 020 | _a0-07-017539-X | ||
| 040 | _c. | ||
| 082 | _a629.13431 DON'A | ||
| 100 |
_aDonaldson, Bruce K _944315 |
||
| 245 | _aAnalysis of aircraft structures , an introduction | ||
| 260 |
_aNEWYORK _bMCGRAW HILL _c1993 |
||
| 300 | _aXI,935P | ||
| 942 |
_cBK _2ddc |
||
| 999 |
_c574655 _d574655 |
||